<?xml version="1.0" encoding="UTF-8"?><?xml-stylesheet type="text/xsl" href="static/style.xsl"?><OAI-PMH xmlns="http://www.openarchives.org/OAI/2.0/" xmlns:xsi="http://www.w3.org/2001/XMLSchema-instance" xsi:schemaLocation="http://www.openarchives.org/OAI/2.0/ http://www.openarchives.org/OAI/2.0/OAI-PMH.xsd"><responseDate>2026-06-05T17:28:12Z</responseDate><request verb="GetRecord" identifier="oai:riuma.uma.es:10630/39065" metadataPrefix="marc">https://riuma.uma.es/rest/oai/request</request><GetRecord><record><header><identifier>oai:riuma.uma.es:10630/39065</identifier><datestamp>2026-02-03T12:36:44Z</datestamp><setSpec>com_10630_2254</setSpec><setSpec>col_10630_37957</setSpec></header><metadata><record xmlns="http://www.loc.gov/MARC21/slim" xmlns:dcterms="http://purl.org/dc/terms/" xmlns:doc="http://www.lyncode.com/xoai" xmlns:xsi="http://www.w3.org/2001/XMLSchema-instance" xsi:schemaLocation="http://www.loc.gov/MARC21/slim http://www.loc.gov/standards/marcxml/schema/MARC21slim.xsd">
   <leader>00925njm 22002777a 4500</leader>
   <datafield ind2=" " ind1=" " tag="042">
      <subfield code="a">dc</subfield>
   </datafield>
   <datafield ind2=" " ind1=" " tag="720">
      <subfield code="a">Fuentes Bujalance, Antonio</subfield>
      <subfield code="e">author</subfield>
   </datafield>
   <datafield ind2=" " ind1=" " tag="260">
      <subfield code="c">2025</subfield>
   </datafield>
   <datafield ind2=" " ind1=" " tag="520">
      <subfield code="a">El objetivo de la presente tesis doctoral es el análisis de los factores relacionados con la eficiencia de la normativa de insolvencia española, en concreto, la Ley Concursal. Para cumplir los objetivos de investigación, se ha estructurado la tesis en 4 capítulos. Los capítulos 1 y 2 presentan un análisis de la norma de insolvencia, abordando los fines de la misma, sus motivaciones, el diseño de la legislación actual y las diferentes Directivas y Reglamentos comunitarios que afectan a la misma. Por su parte, el capítulo 3 está dedicado a la revisión de la literatura sobre la eficiencia del procedimiento concursal. Aquí se aborda el concepto de eficiencia, los indicadores que la definen y sus soluciones normativas actuales. El capítulo 4 deja constancia de los aspectos empíricos de la investigación. A tal efecto, se presentan tanto la base de datos como las variables, las técnicas cuantitativas utilizadas y los resultados obtenidos. Finalmente, se presentan las principales conclusiones, las implicaciones del estudio y las fuentes bibliográficas utilizadas en el mismo.</subfield>
   </datafield>
   <datafield ind1="8" ind2=" " tag="024">
      <subfield code="a">https://hdl.handle.net/10630/39065</subfield>
   </datafield>
   <datafield tag="653" ind2=" " ind1=" ">
      <subfield code="a">Derecho concursal - Tesis doctorales</subfield>
   </datafield>
   <datafield tag="653" ind2=" " ind1=" ">
      <subfield code="a">Reorganización de empresas - España</subfield>
   </datafield>
   <datafield tag="653" ind2=" " ind1=" ">
      <subfield code="a">Concurso de acreedores - España</subfield>
   </datafield>
   <datafield ind2="0" ind1="0" tag="245">
      <subfield code="a">La eficiencia de la ley concursal como norma de reorganización de la empresa</subfield>
   </datafield>
</record>
</metadata></record></GetRecord></OAI-PMH>